| 000 | 00601nam a2200217Ia 4500 | ||
|---|---|---|---|
| 003 | OSt | ||
| 005 | 20221112121632.0 | ||
| 008 | 210210b2005 xxu||||| |||| 00| 0 eng d | ||
| 020 | _a81 86804 56 0 | ||
| 040 | _cAL | ||
| 041 | _aEnglish | ||
| 082 | _a333.7 REDE | ||
| 100 |
_aREDDY (K Purushotham) and REDDY (D Narasimha). _961817 |
||
| 245 | _aEnvironmental education | ||
| 260 |
_aHyderabad _bNeelkamal Publications Pvt Ltd _c2005 |
||
| 300 | _ax,273 | ||
| 650 |
_aEndangered environment environmental problems _961818 |
||
| 690 |
_aEnvironment _961819 |
||
| 906 | _a060251 | ||
| 942 |
_2ddc _cBK |
||
| 999 |
_c107114 _d107114 |
||